000 00660nam a2200229Ia 4500
003 OSt
005 20220926044253.0
006 a|||||r|||| 00| 0
007 ta
008 220923b |||||||| |||| 00| 0 eng d
037 _cGeneral Book
040 _aRTL
_cRTL
_beng
041 _2eng
_aeng
082 _aX9Ju23654CC:N3, G4
100 _aAnchal Dass
_9348738
245 0 _aEconomic survey of Gajju Chak, avillage in Gujranw
260 _c1934
490 _aBoard of economic Inquiry, Punjab, Publications
650 _aAgricultural Industry
942 _hX9Ju23654CC:N3, G4
_cGB
_2CC
999 _c674389
_d674389